Civil affairs handbook Japan : Section 3: Money and banking

Sparad:
Bibliografiska uppgifter
Materialtyp: Bok
Språk:Undetermined
Publicerad: Washington 1944
Ämnen:
Taggar: Lägg till en tagg
Inga taggar, Lägg till första taggen!
Thư viện lưu trữ: Trung tâm Học liệu Trường Đại học Cần Thơ
LEADER 00427nam a2200157Ia 4500
001 CTU_96773
008 210402s9999 xx 000 0 und d
082 |a 332.1 
082 |b C582 
245 0 |a Civil affairs handbook Japan : 
245 0 |b Section 3: Money and banking 
260 |a Washington 
260 |c 1944 
650 |a Banks and banking 
904 |i Tuyến 
980 |a Trung tâm Học liệu Trường Đại học Cần Thơ